O modernizme, mýtoch a monumentalite

Bibliographic Details
Main Author: Grúň, Daniel, 1977- (Author)
Format: Article
Language:Slovak
ISSN:1336-5584
Subjects:

MARC

LEADER 00000nab a2200000 ar4500
001 vtls008956055
003 SK-MaSNL
005 20260303070356.0
008 070316c2007 xo mr|p|||||||000 b|slo
015 |a SNBRB2007/03  |2 snkbucl 
038 |a SNKBUCL 
040 |a SNKBUCL  |b slo  |c SNKBUCL  |e AACR2 
041 0 |a slo 
044 |a xo  |c SK 
080 |a 73/76  |x (437.6)  |x "18/19"  |2 1997 
080 |a 7.046:73/76  |x (437.6)  |2 1997 
080 |a 7.01  |2 1997 
100 1 |a Grúň, Daniel,  |d 1977-  |4 aut  |9 20273 
245 1 0 |a O modernizme, mýtoch a monumentalite  |c Daniel Grúň 
600 1 7 |a Hrabušický, Aurel,  |d 1955-  |t Slovenský mýtus  |2 snkbucl  |9 1067720 
600 1 7 |a Štrauss, Tomáš,  |d 1931-2013  |t Toto posrané 20. storočie  |2 snkbucl  |9 156398 
600 1 7 |a Huyssen, Andreas,  |d 1942-  |t Prítomnosť minulého  |2 snkbucl  |9 1067721 
650 0 7 |a slovenské výtvarné umenie  |2 snkbucl  |9 68597 
650 0 7 |a moderné umenie  |2 snkbucl  |9 68456 
773 0 |t Knihy a spoločnosť  |g Štvrtý ročník, č. 1 (2007), s. 11  |x 1336-5584 
852 |a SNK  |b KIS3GCP 
958 |a SK 
999 |c 1755088  |d 1757018